<?xml version="1.0" encoding="UTF-8"?>
<collection xmlns="http://www.loc.gov/MARC21/slim">
 <record>
  <leader>00509pamaa2200157   4500</leader>
  <controlfield tag="001">0000022408</controlfield>
  <controlfield tag="005">20060605090000.0</controlfield>
  <datafield tag="020" ind1="0" ind2="0">
   <subfield code="a">0860518566 </subfield>
  </datafield>
  <datafield tag="082" ind1=" " ind2=" ">
   <subfield code="a">364.106 MUN</subfield>
  </datafield>
  <datafield tag="090" ind1="0" ind2="0">
   <subfield code="a">PN1993.5 </subfield>
   <subfield code="b">MUN 1993</subfield>
  </datafield>
  <datafield tag="100" ind1="1" ind2="0">
   <subfield code="a">MUNN </subfield>
  </datafield>
  <datafield tag="245" ind1="1" ind2="4">
   <subfield code="a">The Hollywood connection : </subfield>
   <subfield code="b">the true story of organized crime in Hollywood  </subfield>
   <subfield code="c">Michael Munn.</subfield>
  </datafield>
  <datafield tag="260" ind1="0" ind2="0">
   <subfield code="a">London: </subfield>
   <subfield code="b">Robson Books, </subfield>
   <subfield code="c">1993.</subfield>
  </datafield>
  <datafield tag="300" ind1=" " ind2=" ">
   <subfield code="a">271p.; </subfield>
   <subfield code="c">25cm.</subfield>
  </datafield>
  <datafield tag="500" ind1="0" ind2="0">
   <subfield code="a">&quot;The mafia and the movie business - the explosive story&quot; - cover</subfield>
  </datafield>
  <datafield tag="650" ind1="0" ind2="0">
   <subfield code="a">Organized crime -- </subfield>
   <subfield code="z">Hollywood </subfield>
  </datafield>
 </record>
</collection>
